000 00452nam a2200169Ia 4500
008 131103s9999 xx 000 0 und d
040 _aLoreto College
041 _aEnglish
082 _a821.A/MOL
_bLCLIB/15467
100 _aMoll, Ernest G
245 4 _aThe Lifted spear
_b poems
_cErnest G Moll
260 _aSydney
_bAngus and Robertson
_c1953
300 _a62p.
_c 21cm.
650 _aEnglish poetry
850 _aLCLIB/821.A/MOL
942 _cBK
999 _c20991
_d71470